Datum a čas kvízu
29.5
Celkem bodů
Celkový počet nahraných bodů na tomto kvízu bez doplňovacích otázek.
3.
Pořadí na kvízu
Konečné umístění týmu na tomto kvízu.
Zaznamenané odpovědi
| # | Otázka | Odpověď | Body | Výsledky |
|---|---|---|---|---|
| 1. | Který prezidentský kandidát se... | Karel Janeček | 1 | |
| 2. | Dvaasedmdesátiletou pacientku... | v Německu | 0 | |
| 3. | Minulý týden byla na seznam ne... | vorařství | 1 | |
| 4. | V úterý ráno detektivové z Nár... | Xixoio | 1 | |
| 5. | Liberecký sportovní tým slaví... | (ženský) fotbal | 1 | |
| 6. | V tomto tématu se podíváme na... | 1B 2C 3A 4D | 0 | |
| 7. | V následujících slovech se na... | 1C 2D 3B 4A | 0 | |
| 8. | Podívejme se teď na místní jmé... | C | 1 | |
| 9. | V následující větě doplňte spr... | U a U | 1 | |
| 10. | Na závěr se podíváme na několi... | B | 1 |